| 000 | 00763cam a2200289 4500 | ||
|---|---|---|---|
| 001 | 24896 | ||
| 003 | GBCCL | ||
| 005 | 20241126110342.0 | ||
| 008 | 700923s1970 ilu b 001 0 eng | ||
| 010 | _a 79104826 | ||
| 020 | _a0802446051 | ||
| 035 | _a(OCoLC)00111921 | ||
| 040 |
_aDLC _cDLC |
||
| 049 |
_aLBBK _c1-2 |
||
| 050 | 0 |
_aBV1471.2 _b.G3 |
|
| 082 | 0 |
_a262.1 _bGAN |
|
| 092 |
_a259.1 _bG197l |
||
| 100 | 1 | _aGangel, Kenneth O. | |
| 245 | 1 | 0 |
_aLeadership for church education, _cby Kenneth O. Gangel. |
| 260 |
_aChicago, _bMoody Press _c[1970] |
||
| 300 |
_a392 p. _c24 cm. |
||
| 504 | _aIncludes bibliographies. | ||
| 520 | _aLloyd M. Perry Collection. | ||
| 650 | 0 | _aChristian education. | |
| 650 | 0 | _aChristian leadership. | |
| 942 |
_2ddc _cBK _06 |
||
| 999 |
_c637 _d637 |
||